000 00558nam a2200205 a 4500
001 24142
003 CO-ViMGA
008 141112s2004 ck r 000 u spa d
020 _a9789589827369
040 _aCO-ViMGA
_bspa
_cCO-ViMGA
082 0 4 _a863.6 A537s
100 1 _aAndruetto, Maria teresa
_935189
245 1 0 _aStefano /
_cMaria teresa Andruetto
260 _aColombia babel
300 _a88p.
650 1 4 _a2 EMIGRACION E IMIGRACION
_935190
650 1 4 _aCUENTOS LUDICOS
_935191
650 1 4 _aCUENTOS LUDICOS ARGENTINOS
_935192
942 _2ddc
_cBK
999 _c3497
_d3497